| 000 -LEADER |
| fixed length control field |
00460nam a22001457a 4500 |
| 003 - CONTROL NUMBER IDENTIFIER |
| control field |
LRUA |
| 005 - DATE AND TIME OF LATEST TRANSACTION |
| control field |
20231107201306.0 |
| 008 - FIXED-LENGTH DATA ELEMENTS--GENERAL INFORMATION |
| fixed length control field |
231107b xxu||||| |||| 00| 0 eng d |
| 040 ## - CATALOGING SOURCE |
| Transcribing agency |
FAO |
| 100 ## - MAIN ENTRY--PERSONAL NAME |
| Personal name |
HANG CHUONNARON |
| 245 ## - TITLE STATEMENT |
| Title |
LIFE SKILLS EDUCATION SCHOOL GARDNING AND NUTRITION EDUCAATION TEACHER'S GUIDE FOR GRADE 6 |
| 260 ## - PUBLICATION, DISTRIBUTION, ETC. (IMPRINT) |
| Place of publication, distribution, etc. |
Phnom Penh |
| Name of publisher, distributor, etc. |
FOOD AND AGRICULTURE ORHANIZATION OF THE UNITED NATIONS |
| Date of publication, distribution, etc. |
2017 |
| 300 ## - PHYSICAL DESCRIPTION |
| Extent |
VII.46P |
| Dimensions |
29CM |
| 942 ## - ADDED ENTRY ELEMENTS (KOHA) |
| Koha item type |
ADB |
| Source of classification or shelving scheme |
|